Normal view
MARC view
- PROGRAMMABLE CONTROLLERS.LOGIC CONTROLERS
Entry Topical Term
001 - CONTROL NUMBER
- control field: 65332
003 - CONTROL NUMBER IDENTIFIER
- control field: NUST
005 - DATE AND TIME OF LATEST TRANSACTION
- control field: 20210628203423.0
008 - FIXED-LENGTH DATA ELEMENTS
- fixed length control field: 210628|| aca||aabn | a|a d
040 ## - CATALOGING SOURCE
- Original cataloging agency: NUST
- Transcribing agency: NUST
150 ## - HEADING--TOPICAL TERM
- Topical term or geographic name entry element: PROGRAMMABLE CONTROLLERS.LOGIC CONTROLERS
670 ## - SOURCE DATA FOUND
- Source citation: Work cat.: (NUST): Petruzella, Frank .D 63074, Programmable logic controlers, 1996
